<?xml version="1.0" encoding="UTF-8"?>
<record
    xmlns:xsi="http://www.w3.org/2001/XMLSchema-instance"
    xsi:schemaLocation="http://www.loc.gov/MARC21/slim http://www.loc.gov/standards/marcxml/schema/MARC21slim.xsd"
    xmlns="http://www.loc.gov/MARC21/slim">

  <leader>00758nam a22001697a 4500</leader>
  <controlfield tag="008">100727t        xxu||||| |||| 00| 0 eng d</controlfield>
  <datafield tag="082" ind1=" " ind2=" ">
    <subfield code="2">22</subfield>
    <subfield code="a">109</subfield>
    <subfield code="b">&#x62F; &#x649; &#x648; </subfield>
  </datafield>
  <datafield tag="245" ind1=" " ind2=" ">
    <subfield code="a">&#x642;&#x635;&#x629; &#x627;&#x644;&#x641;&#x644;&#x633;&#x641;&#x629; :</subfield>
    <subfield code="b">&#x645;&#x646; &#x623;&#x641;&#x644;&#x627;&#x637;&#x648;&#x646; &#x625;&#x644;&#x649; &#x62C;&#x648;&#x646; &#x62F;&#x64A;&#x648;&#x64A; :&#x62D;&#x64A;&#x627;&#x629; &#x648;&#x631;&#x627;&#x621; &#x627;&#x639;&#x627;&#x638;&#x645; &#x631;&#x62C;&#x627;&#x644; &#x627;&#x644;&#x641;&#x644;&#x633;&#x641;&#x629; &#x641;&#x649; &#x627;&#x644;&#x639;&#x627;&#x644;&#x645; / </subfield>
    <subfield code="c">&#x648;&#x644; &#x62F;&#x64A;&#x648;&#x631;&#x627;&#x646;&#x62A; &#x61B; &#x62A;&#x631;&#x62C;&#x645;&#x629; &#x641;&#x62A;&#x62D; &#x627;&#x644;&#x644;&#x647; &#x645;&#x62D;&#x645;&#x62F; &#x627;&#x644;&#x645;&#x634;&#x639;&#x634;&#x639;  </subfield>
  </datafield>
  <datafield tag="250" ind1=" " ind2=" ">
    <subfield code="a">&#x637;6.</subfield>
  </datafield>
  <datafield tag="260" ind1=" " ind2=" ">
    <subfield code="a">&#x628;&#x64A;&#x631;&#x648;&#x62A;:</subfield>
    <subfield code="b">&#x645;&#x643;&#x62A;&#x628;&#x629; &#x627;&#x644;&#x645;&#x639;&#x627;&#x631;&#x641; &#x60C;1988</subfield>
    <subfield code="c">1988</subfield>
  </datafield>
  <datafield tag="300" ind1=" " ind2=" ">
    <subfield code="a">632 &#x635;&#x61B;</subfield>
    <subfield code="c">24 &#x633;&#x645;.</subfield>
  </datafield>
  <datafield tag="650" ind1=" " ind2=" ">
    <subfield code="9">16457</subfield>
    <subfield code="a">&#x627;&#x644;&#x641;&#x644;&#x633;&#x641;&#x629; </subfield>
    <subfield code="x">&#x62A;&#x627;&#x631;&#x64A;&#x62E;</subfield>
  </datafield>
  <datafield tag="650" ind1=" " ind2=" ">
    <subfield code="9">8307</subfield>
    <subfield code="a">&#x641;&#x644;&#x633;&#x641;&#x629; &#x623;&#x631;&#x633;&#x637;&#x648;</subfield>
  </datafield>
  <datafield tag="650" ind1=" " ind2=" ">
    <subfield code="9">16090</subfield>
    <subfield code="a">&#x627;&#x644;&#x641;&#x644;&#x633;&#x641;&#x629; &#x627;&#x644;&#x64A;&#x648;&#x646;&#x627;&#x646;&#x64A;&#x629;</subfield>
  </datafield>
  <datafield tag="700" ind1=" " ind2=" ">
    <subfield code="9">16845</subfield>
    <subfield code="a">&#x627;&#x644;&#x645;&#x634;&#x639;&#x634;&#x639;&#x60C; &#x641;&#x62A;&#x62D; &#x627;&#x644;&#x644;&#x647; &#x645;&#x62D;&#x645;&#x62F;</subfield>
    <subfield code="c">&#x645;&#x62A;&#x631;&#x62C;&#x645; .</subfield>
  </datafield>
  <datafield tag="942" ind1=" " ind2=" ">
    <subfield code="2">ddc</subfield>
    <subfield code="c">BB</subfield>
  </datafield>
  <datafield tag="999" ind1=" " ind2=" ">
    <subfield code="c">14561</subfield>
    <subfield code="d">14561</subfield>
  </datafield>
  <datafield tag="952" ind1=" " ind2=" ">
    <subfield code="0">0</subfield>
    <subfield code="1">0</subfield>
    <subfield code="2">ddc</subfield>
    <subfield code="4">0</subfield>
    <subfield code="7">0</subfield>
    <subfield code="8"> </subfield>
    <subfield code="a">MAIN</subfield>
    <subfield code="b">MAIN</subfield>
    <subfield code="c">LOW</subfield>
    <subfield code="d">2011-02-27</subfield>
    <subfield code="e">purchase</subfield>
    <subfield code="l">4</subfield>
    <subfield code="m">20</subfield>
    <subfield code="o">109 &#x62F; &#x64A; &#x648;</subfield>
    <subfield code="p">000022802</subfield>
    <subfield code="r">2025-07-15 00:00:00</subfield>
    <subfield code="s">2018-03-14</subfield>
    <subfield code="y">BB</subfield>
  </datafield>
</record>
